Analog VLSI design automation (Record no. 8400)
[ view plain ]
| 000 -LEADER | |
|---|---|
| fixed length control field | 00671 a2200193 4500 |
| 020 ## - INTERNATIONAL STANDARD BOOK NUMBER | |
| International Standard Book Number | 0849310903 |
| 040 ## - CATALOGING SOURCE | |
| Original cataloging agency | DLC |
| Language of cataloging | DLC |
| 082 00 - DEWEY DECIMAL CLASSIFICATION NUMBER | |
| Classification number | 621.395 |
| 100 1# - MAIN ENTRY--PERSONAL NAME | |
| Personal name | Balk?r, Sina. |
| 245 10 - TITLE STATEMENT | |
| Title | Analog VLSI design automation |
| Statement of responsibility, etc. | Balkir , Sina |
| 260 ## - PUBLICATION, DISTRIBUTION, ETC. | |
| Place of publication, distribution, etc. | Boca Raton : |
| Name of publisher, distributor, etc. | CRC Press, |
| Date of publication, distribution, etc. | c2003. |
| 300 ## - PHYSICAL DESCRIPTION | |
| Extent | 218 p. : |
| Other physical details | ill. ; |
| Dimensions | 24 cm. |
| 440 #0 - SERIES STATEMENT/ADDED ENTRY--TITLE | |
| Title | VLSI circuits series |
| 650 #0 - SUBJECT ADDED ENTRY--TOPICAL TERM | |
| Topical term or geographic name entry element | Integrated circuits |
| General subdivision | Very large scale integration |
| -- | Design and construction. |
| 700 1# - ADDED ENTRY--PERSONAL NAME | |
| Personal name | Dèµ®dar, Gèµ®han, |
| Dates associated with a name | 1969- |
| 700 1# - ADDED ENTRY--PERSONAL NAME | |
| Personal name | è¦grenci, A. Sel𣵫 |
| 856 42 - ELECTRONIC LOCATION AND ACCESS | |
| Materials specified | Publisher description |
| Uniform Resource Identifier | <a href="http://www.loc.gov/catdir/enhancements/fy0646/2003046211-d.html">http://www.loc.gov/catdir/enhancements/fy0646/2003046211-d.html</a> |
| 942 ## - ADDED ENTRY ELEMENTS (KOHA) | |
| Koha item type | Book |
| Call number prefix | 621.395 BAL |
| Source of classification or shelving scheme | |
| Withdrawn status | Lost status | Damaged status | Not for loan | Collection code | Permanent Location | Current Location | Shelving location | Date acquired | Source of acquisition | Cost, normal purchase price | Total Checkouts | Full call number | Barcode | Date last seen | Date last checked out | Price effective from | Koha item type |
|---|---|---|---|---|---|---|---|---|---|---|---|---|---|---|---|---|---|
| Central Library (CL) | Central Library (CL) | General Stacks | 11/04/2004 | A&J Def Tek Consultant | 11192.75 | 1 | 621.395 BAL | SEECS005016 | 09/29/2014 | 02/02/2014 | 01/05/2017 | Book | |||||
| Central Library (CL) | Central Library (CL) | General Stacks | 03/25/2005 | A&J Def Tek Consultant | 6402.10 | 1 | 621.395 BAL | SEECS005487 | 11/21/2012 | 11/21/2012 | 01/05/2017 | Book |
